Bezpečnostné predpisy pre obsluhu a prácu v elektrických staniciach : Záverečná práca

Gespeichert in:
Bibliographische Detailangaben
1. Verfasser: Markovič , Peter (Verfasst von)
Weitere Verfasser: Halada, Jozef (xxx)
Format: Manuskript Buch
Sprache:Slowakisch
Veröffentlicht: Trnava : STU v Bratislave MtF KEBI, 2002
Schlagworte:
Tags: Tag hinzufügen
Keine Tags, Fügen Sie das erste Tag hinzu!

MARC

LEADER 00000ntm a22000003a 4500
001 stu76905
005 20160719155030.3
008 020801s2002----xo------------------slo-d
040 |a STU  |b slo 
041 0 |a slo 
044 |a xo 
100 1 |a Markovič , Peter  |4 aut 
245 1 |a Bezpečnostné predpisy pre obsluhu a prácu v elektrických staniciach :  |b Záverečná práca 
260 |a Trnava :  |b STU v Bratislave MtF KEBI,  |c 2002 
300 |a 59 s  |c abstr. 
650 7 |a bezpečnosť práce  |2 stusub 
650 7 |a elektrické stanice  |2 stusub 
650 7 |a priemyselná ekológia  |2 stusub 
700 1 |a Halada, Jozef  |4 xxx  |X 55330  |7 55330 
996 |b 284M037109  |c M*BP-9  |l MMSKP  |s P  |a 0  |w stu76905_0001